Introducción a la investigación operativa (Registro nro. 2217)

Detalles MARC
000 -LEADER
fixed length control field 01008 a2200241 4500
001 - CONTROL NUMBER
control field 31848
005 - DATE AND TIME OF LATEST TRANSACTION
control field 20260407155620.0
008 - FIXED-LENGTH DATA ELEMENTS--GENERAL INFORMATION
fixed length control field 260407a1971 arg spa d
003 - CONTROL NUMBER IDENTIFIER
control field AR-UNSa-BCEJYS
040 ## - CATALOGING SOURCE
Original cataloging agency AR-UNSa-BCEJYS
Language of cataloging spa
Transcribing agency AR-UNSa-BCEJYS
080 ## - UNIVERSAL DECIMAL CLASSIFICATION NUMBER
Universal Decimal Classification number 519.8
Common auxiliary subdivision Investigación operativa
041 ## - LANGUAGE CODE
Language code of text/sound track or separate title spa
100 1# - MAIN ENTRY--PERSONAL NAME
Personal name Ackoff, Ruseell L.
245 10 - TITLE STATEMENT
Title Introducción a la investigación operativa
264 #1 - PRODUCTION, PUBLICATION, DISTRIBUTION, MANUFACTURE, AND COPYRIGHT NOTICE
Place of production, publication, distribution, manufacture Madrid :
Name of producer, publisher, distributor, manufacturer Aguilar
Date of production, publication, distribution, manufacture, or copyright notice 1971
300 ## - PHYSICAL DESCRIPTION
Extent 635 p.
Dimensions 22 cm.
505 ## - FORMATTED CONTENTS NOTE
Formatted contents note I: Naturaleza general de la investigación operativa - II: El problema - III: El modelo - IV: Modelos de inventarios - V: Modelos de distribución - VI: Modelos de espera - VII: Modelos de reemplazamiento - VIII: Modelos de competencia - IX: Verificación, control y aplicación de modelos - X: Administración de la investigación operativa.
590 ## - LOCAL NOTE (RLIN)
Local note niveau_biblio:m niveau_hierar:0
700 1# - ADDED ENTRY--PERSONAL NAME
Personal name Churchman, C. West
700 1# - ADDED ENTRY--PERSONAL NAME
Personal name Garcia de Diego López, Luis
700 1# - ADDED ENTRY--PERSONAL NAME
Personal name Arnoff, E. Leonard
942 ## - ADDED ENTRY ELEMENTS (KOHA)
Koha item type
Existencias
Withdrawn status Lost status Damaged status Not for loan Home library Current library Shelving location Date acquired Total checkouts Full call number Barcode Date last seen Price effective from Koha item type
        Biblioteca Prof. Eusebio Cleto del Rey Biblioteca Prof. Eusebio Cleto del Rey   07/04/2026   519.8 C559 L24616 07/04/2026 07/04/2026 Libro
        Biblioteca Prof. Eusebio Cleto del Rey Biblioteca Prof. Eusebio Cleto del Rey   07/04/2026   519.8 C559 L13238 07/04/2026 07/04/2026 Libro